000 00910nam a2200205Ii 4500
003 JO-AjNU
008 230605s9999||||xx |||||||||||||| ||und||
040 _aJO-AjNU
_bara
_erda
_cJO-AjNU
041 _aara
050 1 4 _aBP166.9.I27 1994
100 3 _aالمالكي، أبي بكر بن العربي ؛ تحقيق وتعليق محب الدين الخطيب ؛ اخراج احاديث وتعليق محمود مهدي الاستانبولي,
_eauthor
_956595
245 0 0 _aالعواصم من القواصم في تحقيق مواقف الصحابة بعد وفاة النبي صلى الله عليه وسلم
250 _aط3
264 3 1 _aبيروت: دار الجيل، 1994
300 _a287ص
336 _atext
_btxt
_2rdacontent
337 _aunmediated
_bn
_2rdamedia
338 _avolume
_bnc
_2rdacarrier
650 4 _aالتاريخ الاسلامي- الصحابة والتابعون
_956596
999 _aA25310
_c28878
_d28878